000 02370nam0a2200385 4500
001 RU\NLR\BIBL_A\022139566
005 20240320151219.0
010 _a978-5-88866-909-9
_9500
021 _aRU
_bКН-П-24-000964
_9КН-П-24-0084
035 _a(NLR Aleph) 022139566
035 _a(RuMoRGB)012494832
090 _a12860985
_c12860985
100 _a20240215d2022 k y0rusy50 ca
101 0 _arus
102 _aRU
105 _aa z 000yy
181 0 _ai3
_baxxe
182 0 _an
200 1 _aНовая экономическая реальность: задачи и решения
_eмонография
_f[Капканщиков С. Г. - д-р экон. наук, Капканщикова С. В. - канд. экон. наук, доц., Горбунов В. К. - д-р физ.-мат. наук, проф. и др.]
_gпод редакцией Е. М. Белого
_gМинистерство науки и высшего образования Российской Федерации, Федеральное государственное бюджетное образовательное учреждение высшего образования "Ульяновский государственный университет"
203 _aТекст
_bвизуальный
_cнепосредственный
210 _aУльяновск
_cУлГУ
_d2022
215 _a235 с.
_cил., табл.
_d21
300 _aАвт. указаны на 231-235-й с.
607 _aРоссийская Федерация
_xНародное хозяйство
_92106777
_3RU\NLR\AUTH\661273591
686 1 _aУ03(2Р)74
701 1 _7ca
_8rus
_aКапканщиков
_bС. Г.
_f1954-
_gСергей Геннадьевич
_932779
_3RU\NLR\AUTH\7749844
701 1 _aКапканщикова
_bС. В.
_gСветлана Викторовна
701 1 _aГорбунов
_bВ. К.
_gВладимир Константинович
702 1 _4340
_7ca
_8rus
_aБелый
_bЕ. М.
_cд-р техн. наук, экономика
_gЕвгений Михайлович
_9156638
_3RU\NLR\AUTH\770156678
712 0 2 _4475
_aУльяновский государственный университет
_9411190
_3RU\NLR\AUTH\889957540
942 _cBOOK
980 _aNB